| 000 | 00000nam##2200000za#4500 |
| 001 | 9.640461 |
| 003 | CaOODSP |
| 005 | 20210624222659 |
| 007 | cr ||||||||||| |
| 008 | 150407|1996||||xxc|||||o f|0| 0 fre|d |
| 040 | |aCaOODSP|bfre |
| 043 | |an-cn--- |
| 086 | 1 |aH21-129/1996F-PDF |
| 110 | 1 |aCanada. |bSanté Canada. |
| 245 | 10|aLes S et T au service de la santé des Canadiens et des Canadiennes : |h[ressource électronique]|ble plan d'action du portefeuille fédéral de la Santé en matière de sciences et technologies |
| 260 | |aOttawa - Ontario : |bSanté Canada |cc1996. |
| 300 | |a50p.|bgraphiques |
| 500 | |aLe n° de catalogue (H21-129/1996) et l'ISBN (0-662-62319-3) de l'édition imprimée bilingue ont été incorrectement copiés dans l'édition électronique. |
| 590 | |a12-30-Supp|b2012-06-28 |
| 691 | 07|aRégime de soins de santé|2gcpds |
| 691 | 07|aTechnologie médicale|2gcpds |
| 775 | 08|tS & T at work for the health of Canadians : |w(CaOODSP)9.696344 |
| 776 | 0#|tS & T at work for the health of Canadians : |w(CaOODSP)9.658391 |
| 776 | 0#|tLes S et T au service de la santé des Canadiens et des Canadiennes : |w(CaOODSP)9.658392 |
| 856 | 40|ahttp://publications.gc.ca|qPDF|s318 Ko|uhttps://publications.gc.ca/collections/Collection/H21-129-1996F.pdf |